BFDI Death P.A.C.T. Members - Statistics

General Stats
  • This quiz has been taken 1,026 times
    769 since last reset
  • The average score is 20 of 22
Answer Stats
Hint Answer % Correct
Death P.A.C.T. (BFB) Black Hole
99%
Death P.A.C.T. Again (TPOT) Black Hole
99%
Death P.A.C.T. Yet Again (TPOT) Black Hole
99%
Death P.A.C.T. (BFB) Tree
97%
Death P.A.C.T. Again (TPOT) Tree
97%
Death P.A.C.T. Yet Again (TPOT) Tree
97%
Death P.A.C.T. Again (TPOT) Marker
94%
Death P.A.C.T. Yet Again (TPOT) Marker
94%
Death P.A.C.T. Again (TPOT) Fanny
92%
Death P.A.C.T. Yet Again (TPOT) Fanny
92%
Death P.A.C.T. (BFB) Pen
91%
Death P.A.C.T. (BFB) Pie
90%
Death P.A.C.T. Again (TPOT) Pie
90%
Death P.A.C.T. (BFB) Bottle
89%
Death P.A.C.T. Yet Again (TPOT) Pin
88%
Death P.A.C.T. Again (TPOT) Lightning
86%
Death P.A.C.T. (BFB) Liy
86%
Death P.A.C.T. (BFB) Pillow
86%
Death P.A.C.T. (BFB) Remote
86%
Death P.A.C.T. Again (TPOT) Remote
86%
Death P.A.C.T. Yet Again (TPOT) Gaty
81%
Death P.A.C.T. Yet Again (TPOT) Robot Flower
75%
No matching quizzes found
Score Distribution
Percent of People with Each Score
Percentile by Number Answered
Your Score History
You have not taken this quiz since the last reset